000 00624nam a2200181Ia 4500
008 090124s9999 xx 000 0 und d
082 _b38880
100 _aबेडेकर विश्राम
245 _a टिळक आणि आगरकर
250 _a4
260 _b"पॉप्युलर प्रकाशन ,बाँम्बे"
_c2000
300 _a127
600 _aबेडेकर विश्राम
630 _a टिळक आणि आगरकर
700 _aबेडेकर विश्राम
730 _a टिळक आणि आगरकर
942 _cBOOK
999 _c104708
_d104708